[Event "FRA-chT2S 9900"]
[Site "France"]
[Date "1999.12.05"]
[Round "4"]
[White "Desnos, Alexandre"]
[Black "Fevat, Tristan"]
[Result "1-0"]
[WhiteElo "2135"]
[BlackElo "2106"]
[PlyCount "83"]
[EventDate "1999.01.15"]
[EventType "team"]
[EventRounds "7"]
[EventCountry "FRA"]
[SourceTitle "EXT 2002"]
[Source "ChessBase"]
[SourceDate "2001.11.25"]
[SourceVersion "1"]
[SourceVersionDate "2001.11.25"]
[SourceQuality "1"]

1. d4 Nf6 2. c4 c5 3. Nf3 e6 4. Nc3 d5 5. cxd5 exd5 6. Bg5 Be6 7. dxc5 Bxc5 8. e3 0-0 9. Be2 Be7 10. 0-0 Nc6 11. Rc1 Rc8 12. Nd4 Qd7 13. Bb5 Rfd8 14. Na4 Bg4 15. f3 Bh5 16. Nc5 Bxc5 17. Rxc5 Ne4 18. Bxd8 Nxc5 19. Bh4 a6 20. Be2 Bg6 21. Qd2 Ne5 22. b3 h6 23. Bg3 Qe7 24. Rc1 Nc6 25. Bf2 Re8 26. Nxc6 bxc6 27. Qb4 Nd3 28. Qxe7 Rxe7 29. Rxc6 Nb4 30. Rc8+ Kh7 31. a3 Nc2 32. Bxa6 Nxe3 33. Rd8 Bc2 34. b4 Bb3 35. Bd3+ g6 36. b5 Nc4 37. Bd4 Ne5 38. f4 f6 39. fxe5 fxe5 40. Bb2 Kg7 41. b6 Kf7 42. Ba6 1-0

[Event "FRA-chT U18 9798"]
[Site "France"]
[Date "1997.??.??"]
[Round "9"]
[White "Bodson, Jordane"]
[Black "Desnos, Alexandre"]
[Result "1/2-1/2"]
[WhiteElo "1890"]
[BlackElo "1950"]
[PlyCount "61"]
[EventDate "1997.??.??"]
[EventType "team"]
[EventRounds "11"]
[EventCountry "FRA"]
[SourceTitle "EXT 2001"]
[Source "ChessBase"]
[SourceDate "2000.11.22"]
[SourceVersion "1"]
[SourceVersionDate "2000.11.22"]
[SourceQuality "1"]

1. e4 c5 2. Nf3 d6 3. d4 cxd4 4. Nxd4 Nf6 5. Nc3 a6 6. Bg5 e6 7. f4 Be7 8. Be2 Nc6 9. Nxc6 bxc6 10. e5 Nd5 11. Bxe7 Qxe7 12. Nxd5 cxd5 13. Qd4 0-0 14. 0-0 dxe5 15. fxe5 Qa7 16. Rad1 Qxd4+ 17. Rxd4 Rb8 18. b3 Bb7 19. c4 a5 20. c5 Bc6 21. Rc1 Rb7 22. Rc3 Rb4 23. Rg4 Rb7 24. Ba6 Ra7 25. Be2 Rb7 26. Rh3 f6 27. exf6 Rxf6 28. a3 e5 29. Rgh4 h6 30. b4 e4 31. Rb3 1/2-1/2

[Event "Montpellier op-A"]
[Site "Montpellier"]
[Date "1997.??.??"]
[Round "?"]
[White "Desnos, Alexandre"]
[Black "Sorin, Maxime"]
[Result "1-0"]
[WhiteElo "1970"]
[BlackElo "2225"]
[PlyCount "61"]
[EventDate "1997.??.??"]
[EventType "swiss"]
[EventRounds "9"]
[EventCountry "FRA"]
[SourceTitle "EXT 2003"]
[Source "ChessBase"]
[SourceDate "2002.11.25"]
[SourceVersion "1"]
[SourceVersionDate "2002.11.25"]
[SourceQuality "1"]

1. d4 Nf6 2. c4 g6 3. Nc3 Bg7 4. e4 d6 5. f3 0-0 6. Bg5 c5 7. d5 e6 8. Qd2 exd5 9. Nxd5 Be6 10. Ne2 Bxd5 11. exd5 a6 12. Nc3 Nbd7 13. Be2 Re8 14. 0-0 Rb8 15. a4 Qa5 16. Bd3 Ne5 17. f4 Nxd3 18. Qxd3 Nd7 19. Kh1 Bd4 20. f5 Qb4 21. Qh3 Nf8 22. fxg6 fxg6 23. Qf3 Qxb2 24. Qf7+ Kh8 25. Bf6+ Bxf6 26. Qxf6+ Kg8 27. Ne4 Qxa1 28. Rxa1 Rxe4 29. Rf1 Rxc4 30. h3 Rxa4 31. Re1 1-0

[Event "FRA-chT U18"]
[Site "France"]
[Date "1996.??.??"]
[Round "?"]
[White "Desnos, Alexandre"]
[Black "Bazart, David"]
[Result "1-0"]
[WhiteElo "1970"]
[BlackElo "1760"]
[PlyCount "63"]
[EventDate "1996.??.??"]
[EventType "team"]
[EventRounds "11"]
[EventCountry "FRA"]
[SourceTitle "EXT 2004"]
[Source "ChessBase"]
[SourceDate "2003.11.25"]
[SourceVersion "1"]
[SourceVersionDate "2003.11.25"]
[SourceQuality "1"]

1. e4 e5 2. Nf3 Nc6 3. Bb5 a6 4. Ba4 Nf6 5. 0-0 Be7 6. Re1 b5 7. Bb3 d6 8. c3 0-0 9. h3 Nd7 10. d4 Bf6 11. d5 Ne7 12. a4 Bb7 13. Nbd2 Nc5 14. axb5 axb5 15. Rxa8 Qxa8 16. Bc2 c6 17. dxc6 Bxc6 18. Qe2 Ng6 19. Nf1 d5 20. Ng3 Nf4 21. Bxf4 exf4 22. e5 fxg3 23. exf6 Re8 24. Qf1 gxf2+ 25. Qxf2 Ne4 26. Bxe4 dxe4 27. Qg3 Qa7+ 28. Nd4 g6 29. Kh1 Bd7 30. Qg5 Kh8 31. Qh6 Rg8 32. Rxe4 1-0

[Event "FRA-chT U18"]
[Site "France"]
[Date "1996.??.??"]
[Round "10"]
[White "Desnos, Alexandre"]
[Black "Metzger, Clement"]
[Result "1/2-1/2"]
[WhiteElo "1920"]
[BlackElo "1860"]
[PlyCount "73"]
[EventDate "1996.??.??"]
[EventType "team"]
[EventRounds "11"]
[EventCountry "FRA"]
[SourceTitle "EXT 2001"]
[Source "ChessBase"]
[SourceDate "2000.11.22"]
[SourceVersion "1"]
[SourceVersionDate "2000.11.22"]
[SourceQuality "1"]

1. e4 c5 2. Nc3 Nc6 3. g3 g6 4. Bg2 Bg7 5. d3 e6 6. Be3 d6 7. f4 Nge7 8. Nf3 Nd4 9. 0-0 0-0 10. Rb1 Rb8 11. Ne2 Nxe2+ 12. Qxe2 b5 13. e5 dxe5 14. Nxe5 Qc7 15. Qf2 Bb7 16. Bxc5 Bxg2 17. Kxg2 Rfc8 18. Bxe7 Qxe7 19. d4 Qd6 20. Kg1 b4 21. Qd2 Rb5 22. Nf3 Qb6 23. Rbc1 Ra5 24. Ra1 Qa6 25. Qxb4 Rxc2 26. Rf2 Rxf2 27. Kxf2 Rb5 28. Qc3 h6 29. a3 Qb7 30. b4 g5 31. fxg5 Rf5 32. Ke2 Qb5+ 33. Kd2 hxg5 34. h3 Qb7 35. Ke2 Qb5+ 36. Kd2 Qb7 37. Ke2 1/2-1/2

[Event "FRA-chT U18"]
[Site "France"]
[Date "1996.??.??"]
[Round "8"]
[White "Desnos, Alexandre"]
[Black "Vallin, Guillaume"]
[Result "0-1"]
[WhiteElo "1920"]
[BlackElo "2030"]
[PlyCount "90"]
[EventDate "1996.??.??"]
[EventType "team"]
[EventRounds "11"]
[EventCountry "FRA"]
[SourceTitle "EXT 2001"]
[Source "ChessBase"]
[SourceDate "2000.11.22"]
[SourceVersion "1"]
[SourceVersionDate "2000.11.22"]
[SourceQuality "1"]

1. e4 e6 2. d3 d5 3. Nd2 c5 4. g3 Nf6 5. Bg2 Nc6 6. f4 Be7 7. e5 Nd7 8. Ngf3 Rb8 9. 0-0 0-0 10. c3 b5 11. d4 b4 12. g4 bxc3 13. bxc3 Qa5 14. Qc2 Ba6 15. Rf2 cxd4 16. Nxd4 Nxd4 17. cxd4 Rfc8 18. Qd1 Qc3 19. Nb3 Rxb3 20. Bd2 Qxd4 21. axb3 Bc5 22. Qe1 Nb8 23. Bf1 Qxf2+ 24. Qxf2 Bxf2+ 25. Kxf2 Bxf1 26. Kxf1 a6 27. Ke2 f6 28. Kd3 Kf7 29. h3 Rc6 30. Be3 Nd7 31. Bd4 g5 32. Rf1 gxf4 33. Rxf4 Kg6 34. exf6 e5 35. Bxe5 Nxe5+ 36. Kd4 Nf7 37. Kxd5 Rxf6 38. Rxf6+ Kxf6 39. Kc6 Kg5 40. Kb6 Kh4 41. Kxa6 Kxh3 42. b4 Kxg4 43. b5 Nd6 44. b6 h5 45. Ka5 Nc4+ 0-1

[Event "FRA-chT U18"]
[Site "France"]
[Date "1996.??.??"]
[Round "5"]
[White "Mory, Eric"]
[Black "Desnos, Alexandre"]
[Result "1-0"]
[WhiteElo "1710"]
[BlackElo "1820"]
[PlyCount "78"]
[EventDate "1996.??.??"]
[EventType "team"]
[EventRounds "11"]
[EventCountry "FRA"]
[SourceTitle "EXT 2001"]
[Source "ChessBase"]
[SourceDate "2000.11.22"]
[SourceVersion "1"]
[SourceVersionDate "2000.11.22"]
[SourceQuality "1"]

1. Nf3 d5 2. d4 Nf6 3. c4 c6 4. Nc3 Bf5 5. Qb3 b6 6. cxd5 Nxd5 7. g3 Bc8 8. e4 Nxc3 9. bxc3 e6 10. Bg2 Bb7 11. 0-0 Be7 12. c4 0-0 13. Bb2 Nd7 14. Rad1 Nf6 15. Ne1 Qc7 16. Nc2 Rac8 17. Ne3 Rfd8 18. f4 a6 19. a4 b5 20. c5 Ra8 21. Rf2 a5 22. axb5 cxb5 23. e5 Nd5 24. Bxd5 Bxd5 25. Nxd5 Rxd5 26. Ra1 Qc6 27. f5 Rdd8 28. Qc2 Rdb8 29. Raf1 Bf8 30. Qd1 a4 31. Bc1 Ra7 32. Qg4 b4 33. Bh6 exf5 34. Rxf5 Qxh6 35. Rf6 Qe3+ 36. Kg2 b3 37. R1f3 Qe2+ 38. Kh3 Qc4 39. R6f5 b2 1-0

[Event "FRA-chT U18"]
[Site "France"]
[Date "1996.??.??"]
[Round "3"]
[White "Rainfray, Arnaud"]
[Black "Desnos, Alexandre"]
[Result "1-0"]
[WhiteElo "2135"]
[BlackElo "1890"]
[PlyCount "103"]
[EventDate "1996.??.??"]
[EventType "team"]
[EventRounds "11"]
[EventCountry "FRA"]
[SourceTitle "EXT 2001"]
[Source "ChessBase"]
[SourceDate "2000.11.22"]
[SourceVersion "1"]
[SourceVersionDate "2000.11.22"]
[SourceQuality "1"]

1. e4 c5 2. c3 d5 3. exd5 Qxd5 4. d4 cxd4 5. cxd4 Nc6 6. Nf3 e6 7. Nc3 Qd8 8. Bd3 Nf6 9. a3 Be7 10. 0-0 0-0 11. Bc2 Re8 12. Qd3 g6 13. Re1 Nd5 14. Bb3 a6 15. Ne4 Bd7 16. Ne5 b6 17. Qh3 Nxe5 18. dxe5 f5 19. exf6 Bxf6 20. Qf3 Be7 21. Bh6 Rc8 22. Rad1 Bc6 23. Nc3 Bf8 24. Bxf8 Rxf8 25. Qg4 Qf6 26. Qxe6+ Kh8 27. Qxf6+ Nxf6 28. Rd6 Rfe8 29. Rxe8+ Nxe8 30. Re6 Ng7 31. Rf6 Nf5 32. f3 Nd4 33. Ba2 Nb5 34. Na4 Nd4 35. Nxb6 Rb8 36. Nc4 Bb5 37. Nd6 Ba4 38. b4 Nc2 39. Nf7+ Kg7 40. Rxa6 Bb5 41. Ra7 Kf6 42. Nd6 Bd3 43. f4 g5 44. Rf7+ Kg6 45. f5+ Kh6 46. Ra7 Rf8 47. g4 Ne3 48. Nf7+ Kg7 49. Ne5+ Kh6 50. Nf7+ Kg7 51. Nxg5+ Kf6 52. Nxh7+ 1-0